00407nam a2200145Ia 4500008004100000020001500041041000800056082001900064100003000083245006700113250000600180260004400186300001200230650001900242210716s2004 xx 000 0 und d a019567104x aeng a574.19245 HIGS aHiggins, S J; Hames, B D. aProtein expression: a practical approach.bPractical approach. a1 aNew YorkbOxford University Pressc2004 axix,282 aBioinformatics